000 00277nam a22001217a 4500
020 _a0-85298-448-0
082 _a621 HUM'H
100 _aHUMA, KENNETH J
_965770
245 _aA HISTORY OF ENGINEERING METROLOGY
260 _aLONDON
_bMEP
_c1980
300 _a220P
942 _cBK
999 _c573885
_d573885